| 000 | 00386nam a2200169Ia 4500 | ||
|---|---|---|---|
| 001 | 24949 | ||
| 003 | IN-NITTTR | ||
| 005 | 20251114233318.0 | ||
| 008 | 251113s9999||||xx |||||||||||||| ||eng|| | ||
| 040 | _beng | ||
| 040 | _cIN-NITTTR | ||
| 041 | _aeng | ||
| 082 | _a510 D26A | ||
| 100 | _aDass, H. K. | ||
| 245 | 0 |
_aAdvanced Engineering Mathematics. / _cDass, H. K. |
|
| 942 |
_2ddc _cBK |
||
| 999 |
_c27578 _d27578 |
||